000 00578nam a2200229Ia 4500
003 OSt
005 20220924132116.0
006 a|||||r|||| 00| 0
007 ta
008 220923b |||||||| |||| 00| 0 san d
024 _a13160
037 _cTextual
040 _aARTS
_cARTS
_bsan
041 _2san
_asan
082 _a/\2:864x1, 15G8
100 _aSharma Vasatrirama tr
_9203766
245 0 _aNarada samhita
260 _c1908
650 _aSPIRurdALISM
942 _h/\2:864x1, 15G8
_cTEXL
_2CC
999 _c429274
_d429274